| 000 | 01266cam a2200337 i 4500 | ||
|---|---|---|---|
| 005 | 20260322212100.0 | ||
| 008 | data | ||
| 010 | _a76-3437 | ||
| 020 | _a0884101339 | ||
| 020 | _a9780884101338 | ||
| 040 |
_aDNLM _cDNLM |
||
| 041 | 0 | 9 | _aeng |
| 044 | _9United States | ||
| 060 | 0 | 0 |
_aWM 30 _bS529 1975 |
| 096 | _aWM 30 W527s 1976 | ||
| 245 | 0 | 0 |
_aShaping the future of mental health care / _cedited by Robert J. Westlake. |
| 246 | 3 | _aSymposium on shaping the future of mental health care | |
| 246 | 3 | _aShaping the future : funding and planning for mental health care | |
| 260 |
_aCambridge, Mass. : _bBallinger, _cc1976. |
||
| 300 | _axi, 121 p. | ||
| 500 | _aPapers delivered at a two-day symposium entitled "Shaping the future: funding and planning for mental health care," held at Butler Hospital, Providence, R. I., Spring 1975. | ||
| 520 | _aPapers printed at the symposium held at Butler Hospital, Providence, R.I., Spring 1975. | ||
| 590 | _aIncludes bibliographies. | ||
| 650 | 2 |
_aCommunity Mental Health Services _zUnited States |
|
| 650 | 2 |
_aHealth Planning _zUnited States |
|
| 650 | 2 |
_aInsurance, Psychiatric _zUnited States |
|
| 655 | 2 | _aCongresses | |
| 700 | 1 |
_aWestlake, Robert J., _d1935- |
|
| 710 | 2 | _aButler Hospital. | |
| 001 | data | ||
| 999 |
_c1433 _d1433 |
||